000
00289nam a2200109Ia 4500
008
200302s9999 xx 000 0 und d
100
_a
Martin Tomitsch and Others
245
_a
Design think make break repeat A Handbook of methods
260
_b
BIS ublishers
260
_c
2018
300
_a
206
999
_c
7390
_d
7390